| 000 | 00375pam a2200145 a 4500 | ||
|---|---|---|---|
| 020 |
_a9780199204854 _c |
||
| 041 | _aeng | ||
| 082 |
_a616/WAR _b11510 |
||
| 100 | _aWARRELI D.A. COX T.M. ETC. | ||
| 245 |
_aOXFORD T/B OF MEDICINE VOL-1 _hTextual Documents |
||
| 260 |
_bOXFORD UNIVERSITY PRESS _c2010 |
||
| 300 |
_a1784: _bLI; _cHB. |
||
| 930 | _a6245 | ||
| 999 |
_c800772 _d800772 |
||
| 650 | _aGEN.MEDICINE | ||